[Event "Bad Woerishofen op-A"]
[Site "Bad Woerishofen"]
[Date "2024.03.13"]
[Round "6"]
[White "Akash, G."]
[Black "Zhao, Yuanhe"]
[Result "1/2-1/2"]
[WhiteElo "2411"]
[BlackElo "2461"]
[PlyCount "61"]
[EventDate "2024.03.08"]
[EventType "swiss"]
[EventRounds "9"]
[EventCountry "GER"]
[SourceTitle "EXT 2025"]
[Source "ChessBase"]
[SourceDate "2024.10.14"]
[SourceVersion "1"]
[SourceVersionDate "2024.10.14"]
[SourceQuality "1"]

1. e4 c5 2. Nf3 Nc6 3. Bb5 d6 4. 0-0 Bd7 5. Re1 a6 6. Bf1 g6 7. c3 Bg7 8. h3 e5 9. d4 exd4 10. cxd4 cxd4 11. Nbd2 Be6 12. Nb3 Qb6 13. Bf4 Be5 14. Qd2 h6 15. Rec1 g5 16. Bxe5 dxe5 17. Nc5 Nf6 18. b4 Nd7 19. Nxe6 fxe6 20. Rab1 Ne7 21. a4 Qd6 22. b5 a5 23. b6 Nc6 24. Bb5 Kf7 25. Rb3 Nc5 26. Rbc3 Nxe4 27. Rxc6 bxc6 28. Qd3 Nc5 29. Qa3 Ne4 30. Qd3 Nc5 31. Qa3 1/2-1/2

[Event "Prague Challengers 5th"]
[Site "Prague"]
[Date "2023.06.28"]
[Round "7"]
[White "Akash, G."]
[Black "Pultinevicius, Paulius"]
[Result "0-1"]
[WhiteElo "2483"]
[BlackElo "2530"]
[PlyCount "100"]
[EventDate "2023.06.20"]
[EventType "tourn"]
[EventRounds "9"]
[EventCountry "CZE"]
[EventCategory "12"]
[SourceTitle "CBM 215 Extra"]
[Source "ChessBase"]
[SourceDate "2023.09.30"]
[SourceVersion "1"]
[SourceVersionDate "2023.09.30"]
[SourceQuality "1"]

1. e4 c6 2. d4 d5 3. e5 Bf5 4. h4 h5 5. Bd3 Bxd3 6. Qxd3 Qa5+ 7. Nd2 e6 8. Ngf3 Nh6 9. 0-0 Nf5 10. Nb3 Qa6 11. Qd1 b6 12. Bg5 c5 13. dxc5 Bxc5 14. c3 Nc6 15. Re1 Qa4 16. Nfd2 Be7 17. Bxe7 Ncxe7 18. g3 Nc6 19. Rc1 Rd8 20. Qe2 Kf8 21. c4 d4 22. Qe4 g6 23. c5 Rd5 24. Qf4 b5 25. Qg5 d3 26. Qf6 Rh6 27. Ne4 g5 28. Qxg5 Nxe5 29. Nbd2 Rg6 30. Qxh5 Ng4 31. c6 Ne7 32. Qh8+ Rg8 33. Qc3 b4 34. Qb3 Qxb3 35. axb3 Kg7 36. Ng5 a5 37. Re4 Ne5 38. c7 Rc8 39. Rf4 Nf5 40. Kh2 Nd4 41. Re4 Ne2 42. Ra1 Rxc7 43. Nc4 Nxc4 44. bxc4 Rd4 45. Rxd4 Nxd4 46. Rd1 Rxc4 47. Rxd3 a4 48. Nf3 Nxf3+ 49. Rxf3 Rc2 50. b3 Rc3 0-1

[Event "Titled Tuesday intern op 09th May Early"]
[Site "Chess.com INT"]
[Date "2023.05.09"]
[Round "4"]
[White "Akash, G."]
[Black "Valle Luis, Leo"]
[Result "1-0"]
[WhiteElo "2483"]
[BlackElo "2354"]
[PlyCount "67"]
[EventDate "2023.05.09"]
[EventType "swiss (blitz)"]
[EventRounds "11"]
[EventCountry "USA"]
[SourceTitle "CBM 214 Extra"]
[Source "ChessBase"]
[SourceDate "2023.07.31"]
[SourceVersion "1"]
[SourceVersionDate "2023.07.31"]
[SourceQuality "1"]

1. d4 Nf6 2. Nf3 e6 3. Bf4 d5 4. e3 Bd6 5. Ne5 a6 6. Bd3 Nbd7 7. 0-0 h6 8. Nd2 Nb6 9. Qf3 c5 10. dxc5 Bxc5 11. e4 dxe4 12. Nxe4 Nxe4 13. Bxe4 0-0 14. Bxb7 Bxb7 15. Qxb7 Nd5 16. Bg3 Rb8 17. Qxa6 Rxb2 18. Nd3 Rxc2 19. Rac1 Rxc1 20. Rxc1 Nb4 21. Nxb4 Bxb4 22. h3 Qd2 23. Qc4 Be7 24. Kh2 Bf6 25. a4 Qa5 26. Qb5 Qd2 27. Rc7 Ra8 28. Qc6 Qa5 29. Qd7 Qxa4 30. Qxf7+ Kh7 31. Qxe6 Qd4 32. Rd7 Qa1 33. h4 Ra5 34. Qe4+ 1-0

[Event "Titled Tuesday intern op 09th May Early"]
[Site "Chess.com INT"]
[Date "2023.05.09"]
[Round "2"]
[White "Maghsoodloo, Parham"]
[Black "Akash, G."]
[Result "1-0"]
[WhiteElo "2734"]
[BlackElo "2483"]
[PlyCount "67"]
[EventDate "2023.05.09"]
[EventType "swiss (blitz)"]
[EventRounds "11"]
[EventCountry "USA"]
[SourceTitle "CBM 214 Extra"]
[Source "ChessBase"]
[SourceDate "2023.07.31"]
[SourceVersion "1"]
[SourceVersionDate "2023.07.31"]
[SourceQuality "1"]

1. d4 Nf6 2. c4 g6 3. Nc3 Bg7 4. e4 d6 5. f3 0-0 6. Be3 c5 7. Nge2 Nc6 8. d5 Ne5 9. Ng3 h5 10. Be2 e6 11. 0-0 a6 12. a4 exd5 13. cxd5 h4 14. Nh1 Nh5 15. f4 Nd7 16. Bxh5 gxh5 17. Qxh5 Re8 18. Nf2 Nf8 19. e5 dxe5 20. f5 e4 21. Bg5 f6 22. Bxh4 e3 23. Nfe4 Nh7 24. Rf3 Re5 25. Re1 b5 26. Bg3 Rxd5 27. Nxd5 Qxd5 28. Nd6 Bd7 29. Rfxe3 Bc6 30. Qe2 Ng5 31. h4 Nf7 32. Rd3 Qa2 33. Ra3 Qd5 34. Rd1 1-0

[Event "IND-chT 42nd"]
[Site "Pollachi"]
[Date "2023.02.16"]
[Round "9.1"]
[White "Akash, G."]
[Black "Aravindh, Chithambaram VR"]
[Result "1/2-1/2"]
[WhiteElo "2495"]
[BlackElo "2613"]
[PlyCount "64"]
[EventDate "2023.02.10"]
[EventType "team-swiss"]
[EventRounds "9"]
[EventCountry "IND"]
[SourceTitle "CBM 212 Extra"]
[Source "ChessBase"]
[SourceDate "2023.03.31"]
[SourceVersion "1"]
[SourceVersionDate "2023.03.31"]
[SourceQuality "1"]
[WhiteTeam "Tamil Nadu II"]
[BlackTeam "AAI"]
[WhiteTeamCountry "IND"]
[BlackTeamCountry "IND"]

1. e4 e5 2. Nf3 Nc6 3. Nc3 Nf6 4. d4 exd4 5. Nxd4 Bb4 6. Nxc6 bxc6 7. Bd3 d5 8. exd5 0-0 9. 0-0 cxd5 10. Qf3 c6 11. Bg5 Bd6 12. Rae1 Rb8 13. Nd1 Be6 14. b3 h6 15. Bxf6 Qxf6 16. Qxf6 gxf6 17. Ne3 Rfe8 18. Nf5 Bxf5 19. Bxf5 Bb4 20. Rxe8+ Rxe8 21. Rd1 Re5 22. Bd3 Kf8 23. Kf1 Ke7 24. f4 Re3 25. Kf2 Bc5 26. Re1 Rxe1+ 27. Kxe1 Be3 28. g3 a5 29. Ke2 Bg1 30. Kf3 Ke6 31. Kg2 Be3 32. Kf3 Bg1 1/2-1/2

[Event "PNWCC Super G60 Mar Gp1"]
[Site "Chess.com INT"]
[Date "2021.03.28"]
[Round "4"]
[White "Akash, G."]
[Black "Free, Graham"]
[Result "1-0"]
[WhiteElo "2495"]
[BlackElo "2138"]
[PlyCount "73"]
[EventDate "2021.03.27"]
[EventType "swiss (rapid)"]
[EventRounds "6"]
[EventCountry "USA"]
[SourceTitle "CBM 201 Extra"]
[Source "ChessBase"]
[SourceDate "2021.05.31"]
[SourceVersion "1"]
[SourceVersionDate "2021.05.31"]
[SourceQuality "1"]

1. e4 e5 2. Nf3 Nc6 3. Bb5 a6 4. Ba4 Nf6 5. 0-0 Be7 6. Re1 b5 7. Bb3 0-0 8. a4 Bb7 9. d3 d6 10. Nc3 Na5 11. Ba2 b4 12. Ne2 c5 13. Ng3 Rb8 14. Nd2 Bc8 15. Nc4 Be6 16. Nxa5 Qxa5 17. Bc4 h6 18. Qf3 b3 19. c3 Bxc4 20. dxc4 Qd8 21. Nf5 Ne8 22. Bxh6 gxh6 23. Nxh6+ Kh7 24. Nf5 Bg5 25. Qh5+ Kg8 26. h4 Bf4 27. g3 Qf6 28. gxf4 Qg6+ 29. Qg5 Kh7 30. Ne7 Qe6 31. Qh5+ Qh6 32. Qxh6+ Kxh6 33. fxe5 dxe5 34. Nc6 Rg8+ 35. Kf1 Rb6 36. Nxe5 Rf6 37. Rad1 1-0

[Event "SCO National Chess Online"]
[Site "Chess.com INT"]
[Date "2020.09.26"]
[Round "2.2"]
[White "Yakubboev, Nodirbek"]
[Black "Akash, G."]
[Result "1/2-1/2"]
[WhiteElo "2591"]
[BlackElo "2495"]
[PlyCount "89"]
[EventDate "2020.09.26"]
[EventType "team (rapid)"]
[EventRounds "9"]
[EventCountry "USA"]
[SourceTitle "CBM 198 Extra"]
[Source "ChessBase"]
[SourceDate "2020.11.30"]
[SourceVersion "1"]
[SourceVersionDate "2020.11.30"]
[SourceQuality "1"]
[WhiteTeam "Uzbekistan"]
[BlackTeam "India "]
[WhiteTeamCountry "UZB"]
[BlackTeamCountry "IND"]

1. d4 Nf6 2. c4 g6 3. Nc3 Bg7 4. e4 d6 5. Be2 0-0 6. Be3 e5 7. d5 a5 8. Nf3 Ng4 9. Bg5 f6 10. Bh4 Qe8 11. Nd2 Nh6 12. g4 Na6 13. f3 Bd7 14. a3 a4 15. Qc2 Nf7 16. 0-0-0 Bh6 17. Kb1 Nc5 18. Bf2 Qe7 19. h4 Bf4 20. Ka2 Kg7 21. Bf1 Rfb8 22. Ne2 Bxd2 23. Rxd2 Nb3 24. Rd1 c5 25. dxc6 bxc6 26. g5 Be6 27. Bh3 Rb7 28. f4 Bxh3 29. Rxh3 exf4 30. Nxf4 Rab8 31. Be1 Qe5 32. Nd3 Qxe4 33. Bc3 Ne5 34. gxf6+ Kg8 35. Bxe5 dxe5 36. Qc3 Nc5 37. Nb4 Ne6 38. Re1 Qg4 39. Rxe5 c5 40. Rhe3 cxb4 41. axb4 Rxb4 42. Rxe6 Rxb2+ 43. Qxb2 Qxc4+ 44. Ka1 Rxb2 45. Kxb2 1/2-1/2

[Event "Prague op"]
[Site "Prague"]
[Date "2020.02.20"]
[Round "7"]
[White "Christiansen, Johan Sebastian"]
[Black "Akash, G."]
[Result "1/2-1/2"]
[WhiteElo "2600"]
[BlackElo "2449"]
[PlyCount "140"]
[EventDate "2020.02.14"]
[EventType "swiss"]
[EventRounds "9"]
[EventCountry "CZE"]
[SourceTitle "CBM 195 Extra"]
[Source "ChessBase"]
[SourceDate "2020.05.31"]
[SourceVersion "1"]
[SourceVersionDate "2020.05.31"]
[SourceQuality "1"]

1. e4 c5 2. Nf3 Nc6 3. c3 Nf6 4. e5 Nd5 5. Bc4 Nb6 6. Bb3 c4 7. Bc2 d6 8. exd6 Qxd6 9. 0-0 Bg4 10. h3 Bh5 11. Re1 0-0-0 12. b3 e6 13. Na3 Qf4 14. Nxc4 Nxc4 15. bxc4 Qxc4 16. Be4 f5 17. Bxc6 Qxc6 18. d4 Bd6 19. Bg5 Rde8 20. Ne5 Bxd1 21. Nxc6 bxc6 22. Raxd1 Kd7 23. g3 Rb8 24. Re2 Rhe8 25. Bf4 Bxf4 26. gxf4 Rf8 27. Re5 Rf6 28. Ra5 Rg6+ 29. Kf1 Rb7 30. Rd3 Kd6 31. c4 Rh6 32. Kg2 Rg6+ 33. Kf1 Rh6 34. Ra6 Kc7 35. Kg2 Rg6+ 36. Kf1 Rb1+ 37. Ke2 Rb2+ 38. Kf1 Rb1+ 39. Ke2 Rb2+ 40. Rd2 Rxd2+ 41. Kxd2 Kb7 42. Ra3 Rh6 43. Re3 g6 44. Kc3 Rh4 45. Kb4 Kb6 46. Rxe6 a5+ 47. Ka4 Rxf4 48. c5+ Kc7 49. Re7+ Kd8 50. Rxh7 Rxf2 51. Kxa5 Rxa2+ 52. Kb6 Rd2 53. Rg7 Rxd4 54. Rxg6 Rh4 55. Kxc6 Rxh3 56. Kb7 Rc3 57. Rg8+ Ke7 58. c6 Rb3+ 59. Kc8 f4 60. Rg7+ Ke6 61. c7 f3 62. Rg6+ Ke5 63. Rg8 Rc3 64. Rf8 Ke4 65. Kd7 Ke3 66. Re8+ Kd2 67. Rf8 Ke2 68. c8Q Rxc8 69. Kxc8 f2 70. Rxf2+ Kxf2 1/2-1/2

[Event "Prague op"]
[Site "Prague"]
[Date "2020.02.19"]
[Round "6"]
[White "Akash, G."]
[Black "Kapnisis, Spyridon"]
[Result "1/2-1/2"]
[WhiteElo "2449"]
[BlackElo "2471"]
[PlyCount "104"]
[EventDate "2020.02.14"]
[EventType "swiss"]
[EventRounds "9"]
[EventCountry "CZE"]
[SourceTitle "CBM 195 Extra"]
[Source "ChessBase"]
[SourceDate "2020.05.31"]
[SourceVersion "1"]
[SourceVersionDate "2020.05.31"]
[SourceQuality "1"]

1. e4 e5 2. Nf3 Nc6 3. Bb5 a6 4. Ba4 d6 5. 0-0 Bd7 6. c3 g5 7. d4 g4 8. Ne1 h5 9. f4 exf4 10. Bxf4 Bh6 11. Bxc6 Bxc6 12. d5 Bxf4 13. Rxf4 Qg5 14. Rf5 Qe3+ 15. Rf2 Bd7 16. Qd4 Qh6 17. Rf1 Ne7 18. c4 f5 19. exf5 0-0 20. Nc2 Nxf5 21. Qd3 Nh4 22. Nc3 Bf5 23. Qe3 Qxe3+ 24. Nxe3 Bd3 25. Rxf8+ Rxf8 26. Rd1 Bh7 27. Re1 Rf4 28. Rf1 Ng6 29. b3 Kg7 30. Ne2 Rxf1+ 31. Kxf1 Kf6 32. Ke1 Ke5 33. Kd2 Nf4 34. Nc1 Be4 35. g3 Nh3 36. Nd3+ Kf6 37. Kc3 Ng1 38. Nf4 Bg6 39. b4 Bf7 40. a4 Ke5 41. Kd3 Nf3 42. Nf1 h4 43. Ke3 h3 44. a5 Ne1 45. Nd3+ Nxd3 46. Kxd3 Bg6+ 47. Ke3 c6 48. dxc6 bxc6 49. Nd2 Bf7 50. Kd3 Bg6+ 51. Ke3 Bf7 52. Kd3 Bg6+ 1/2-1/2

[Event "Prague op"]
[Site "Prague"]
[Date "2020.02.17"]
[Round "4"]
[White "Akash, G."]
[Black "Saric, Ante"]
[Result "1-0"]
[WhiteElo "2449"]
[BlackElo "2531"]
[PlyCount "149"]
[EventDate "2020.02.14"]
[EventType "swiss"]
[EventRounds "9"]
[EventCountry "CZE"]
[SourceTitle "CBM 195 Extra"]
[Source "ChessBase"]
[SourceDate "2020.05.31"]
[SourceVersion "1"]
[SourceVersionDate "2020.05.31"]
[SourceQuality "1"]

1. e4 c5 2. Nf3 e6 3. d4 cxd4 4. Nxd4 Nc6 5. Nc3 Qc7 6. Be2 a6 7. 0-0 Nf6 8. Be3 Bb4 9. Na4 0-0 10. c4 Be7 11. c5 Nxe4 12. Rc1 Rb8 13. g3 e5 14. Nf5 d5 15. cxd6 Nxd6 16. Bb6 Qd7 17. Nxe7+ Qxe7 18. Re1 Re8 19. Bc5 Rd8 20. Bf3 Be6 21. Bb6 Rdc8 22. b3 Nb5 23. Bg2 h6 24. Nc5 Nbd4 25. Nxe6 Nxe6 26. Rc4 Qf6 27. Qd6 Rd8 28. Bxd8 Rxd8 29. Rxc6 Rxd6 30. Rxd6 Qe7 31. Rd5 f6 32. h4 g5 33. hxg5 hxg5 34. Rc1 g4 35. Be4 Nd4 36. Rc8+ Kf7 37. Rh8 Ke6 38. Rdd8 Qb4 39. Bd5+ Kf5 40. Rdg8 Nf3+ 41. Kg2 Qb5 42. Bxf3 gxf3+ 43. Kxf3 Qc6+ 44. Ke2 Qc2+ 45. Kf1 Qxa2 46. g4+ Kf4 47. Rh3 Qb1+ 48. Kg2 Qe4+ 49. Kg1 Qe1+ 50. Kg2 Qd1 51. Rg6 Qd5+ 52. Kh2 Qf7 53. Rhh6 Qxb3 54. Rxf6+ Ke4 55. g5 Qg8 56. Rh4+ Kd5 57. Rg4 Qg7 58. Kg2 Kc5 59. g6 b5 60. Rf7 Qg8 61. g7 Qxf7 62. g8Q Qxg8 63. Rxg8 a5 64. Kf1 a4 65. Ke2 Kc4 66. Kd2 Kb3 67. Kc1 b4 68. Rg4 a3 69. Kb1 a2+ 70. Ka1 Ka3 71. Rg3+ b3 72. Re3 e4 73. Re2 Kb4 74. Kb2 Kc4 75. Rxe4+ 1-0

[Event "Prague op"]
[Site "Prague"]
[Date "2020.02.16"]
[Round "3"]
[White "Arfan, Aditya Bagus"]
[Black "Akash, G."]
[Result "0-1"]
[WhiteElo "2285"]
[BlackElo "2449"]
[PlyCount "80"]
[EventDate "2020.02.14"]
[EventType "swiss"]
[EventRounds "9"]
[EventCountry "CZE"]
[SourceTitle "CBM 195 Extra"]
[Source "ChessBase"]
[SourceDate "2020.05.31"]
[SourceVersion "1"]
[SourceVersionDate "2020.05.31"]
[SourceQuality "1"]

1. e4 c5 2. Nf3 d6 3. d4 cxd4 4. Nxd4 Nf6 5. Nc3 Nc6 6. Bg5 e6 7. Qd2 a6 8. 0-0-0 Bd7 9. f3 Be7 10. h4 h6 11. Be3 h5 12. Kb1 Qc7 13. Bg5 Ne5 14. f4 Neg4 15. g3 b5 16. a3 Rb8 17. Bh3 a5 18. Bxg4 hxg4 19. e5 dxe5 20. fxe5 b4 21. Ncb5 Bxb5 22. exf6 Bxf6 23. Bxf6 gxf6 24. axb4 axb4 25. Qxb4 Bd7 26. Qa3 Rh5 27. Nb3 Bc6 28. Rhe1 Bf3 29. Rd6 Rhb5 30. Qa6 Kf8 31. Re3 Qc4 32. Rdd3 Kg7 33. Re1 Qb4 34. Ree3 Re5 35. Rxe5 fxe5 36. Rd7 e4 37. Rc7 Qb6 38. Qxb6 Rxb6 39. Kc1 Rd6 40. Nc5 Rd1# 0-1

[Event "Prague op"]
[Site "Prague"]
[Date "2020.02.15"]
[Round "2"]
[White "Akash, G."]
[Black "Podetti, Davide"]
[Result "1-0"]
[WhiteElo "2449"]
[BlackElo "2187"]
[PlyCount "91"]
[EventDate "2020.02.14"]
[EventType "swiss"]
[EventRounds "9"]
[EventCountry "CZE"]
[SourceTitle "CBM 195 Extra"]
[Source "ChessBase"]
[SourceDate "2020.05.31"]
[SourceVersion "1"]
[SourceVersionDate "2020.05.31"]
[SourceQuality "1"]

1. e4 e5 2. Nf3 Nc6 3. Bb5 a6 4. Ba4 Nf6 5. 0-0 Be7 6. Re1 b5 7. Bb3 d6 8. c3 0-0 9. h3 Bb7 10. d4 Re8 11. Nbd2 Bf8 12. a3 g6 13. d5 Nb8 14. Nf1 Nbd7 15. N3h2 c6 16. dxc6 Bxc6 17. Ng4 Nxg4 18. hxg4 Nc5 19. Ba2 Qh4 20. Qf3 Ra7 21. Ng3 Rd7 22. Rd1 Ne6 23. Bd5 Bxd5 24. exd5 Nc5 25. Be3 e4 26. Qe2 Nb3 27. Rab1 Na5 28. b3 Rde7 29. g5 h6 30. Qd2 Kh7 31. c4 Nb7 32. cxb5 axb5 33. b4 Bg7 34. Rb3 h5 35. Qe2 Be5 36. Qxb5 Bxg3 37. fxg3 Qxg3 38. Qf1 Rc8 39. Qf4 Qxf4 40. Bxf4 Rc2 41. Rc1 Ra2 42. Rc8 Rd7 43. Be3 Nd8 44. Bb6 Nb7 45. Bd4 Nd8 46. Bf6 1-0

[Event "Tata Steel Qualifier 82nd"]
[Site "Wijk aan Zee"]
[Date "2020.01.24"]
[Round "7"]
[White "Akash, G."]
[Black "De Boer, Eelke"]
[Result "1-0"]
[WhiteElo "2461"]
[BlackElo "2324"]
[PlyCount "159"]
[EventDate "2020.01.17"]
[EventType "tourn"]
[EventRounds "9"]
[EventCountry "NED"]
[EventCategory "7"]
[SourceTitle "CBM 194"]
[Source "ChessBase"]
[SourceDate "2020.02.29"]
[SourceVersion "1"]
[SourceVersionDate "2020.02.29"]
[SourceQuality "1"]

1. e4 c5 2. Nf3 d6 3. d4 cxd4 4. Nxd4 Nf6 5. Nc3 a6 6. a4 g6 7. Be2 Bg7 8. 0-0 0-0 9. Bg5 Nc6 10. Nb3 Be6 11. f4 Qb6+ 12. Kh1 Na5 13. Nxa5 Qxa5 14. f5 gxf5 15. exf5 Bxf5 16. Bxf6 Bxf6 17. Nd5 Be4 18. Nxf6+ exf6 19. Bf3 Rfe8 20. Qxd6 Qe5 21. Qb4 Rad8 22. Rae1 Rd4 23. Qb3 f5 24. Bxe4 Rxe4 25. Rxe4 Qxe4 26. Qg3+ Kh8 27. Qc3+ Kg8 28. h3 Re6 29. Rd1 h6 30. Rd8+ Re8 31. Rd6 Re6 32. Rd8+ Re8 33. Rd4 Qe1+ 34. Qxe1 Rxe1+ 35. Kh2 Re2 36. Rc4 f4 37. Rxf4 Rxc2 38. Rb4 b5 39. axb5 axb5 40. Rxb5 Kg7 41. Kg3 Rd2 42. Kf3 Kg6 43. Rb8 Kf6 44. Rb4 h5 45. Rb6+ Kg7 46. Kg3 f6 47. Rb3 Kg6 48. Kf3 Kf5 49. Rb8 Rc2 50. Kg3 Kg5 51. Rg8+ Kh6 52. Rb8 Kg5 53. Rb5+ Kg6 54. Kf3 Rd2 55. Rb8 Kf5 56. Rb4 Kg6 57. Rb5 Rc2 58. g3 Rd2 59. Ke4 Rh2 60. Kf3 Rd2 61. b4 Rb2 62. Ke4 Re2+ 63. Kf3 Rb2 64. h4 Rb3+ 65. Kf4 Rb1 66. Rb8 Rf1+ 67. Ke4 Re1+ 68. Kd4 Rg1 69. Re8 Kf5 70. Rg8 Rb1 71. Kc5 Ke4 72. b5 Rb3 73. b6 Rc3+ 74. Kd6 Rb3 75. Kc7 Rc3+ 76. Kb8 Kf3 77. b7 Rc1 78. Rc8 Rb1 79. Rc3+ Kg4 80. Kc7 1-0